| 000 | 00557nam a22002057a 4500 | ||
|---|---|---|---|
| 003 | OSt | ||
| 005 | 20140310183129.0 | ||
| 008 | 130531t xxu||||| |||| 00| 0 eng d | ||
| 020 | _a9715843654 | ||
| 050 |
_aQC 21 _b.Qu6 2004 |
||
| 082 |
_aFIL 530.7 _bQ4 2004 |
||
| 245 |
_aPhysics _bLaboratory manual for health sciences _cQuiambao, Raquel |
||
| 260 |
_aQuezon City _bC & E Publishing, Inc. _cc2004 |
||
| 300 |
_a89 p. _bill. _c26 cm. |
||
| 521 | _aCollege students | ||
| 526 | _c1210L-1700L | ||
| 541 | _j1 | ||
| 562 | _e1 | ||
| 942 |
_2lcc _cBK _kFIL |
||
| 999 |
_c19100 _d19100 |
||